Statistics for Top 15 Countries with Covid-19 Deaths - 27 June

Click here to take the quiz!

General Stats

  • This quiz has been taken 27 times
  • The average score is 15 of 20

Answer Stats

country% Correct
Germany
100%
Italy
100%
Russia
100%
United States
100%
France
96%
India
96%
United Kingdom
96%
Brazil
92%
Mexico
88%
Spain
88%
Sweden
80%
Belgium
68%
Canada
68%
Iran
68%
Netherlands
60%
Ireland
52%
Peru
48%
Switzerland
44%
Chile
40%
Ecuador
32%

Score Distribution

Percentile by Number Answered

Percent of People with Each Score

Your Score History

You have not taken this quiz